Estudios referentes a servicios de marina en Filipinas (Registro nro. 180704)

Detalles MARC
000 -LEADER
campo de control de longitud fija 00760nam a2200205 i 4500
001 - NÚMERO DE CONTROL
campo de control 180704
003 - IDENTIFICADOR DE NÚMERO DE CONTROL
campo de control ES-MaACL
005 - FECHA Y HORA DE LA ÚLTIMA TRANSACCIÓN
campo de control 20230906221152.0
007 - CAMPO FIJO DE DESCRIPCIÓN FÍSICA--INFORMACIÓN GENERAL
campo de control de longitud fija t|
008 - DATOS DE LONGITUD FIJA--INFORMACIÓN GENERAL
campo de control de longitud fija 120627q1882 sp |||| | spa d
080 ## - NÚMERO DE LA CLASIFICACIÓN DECIMAL UNIVERSAL
Número de la Clasificación Decimal Universal 355.353(599)(091)
100 1# - ENTRADA PRINCIPAL--NOMBRE DE PERSONA
Nombre de persona Concas y Palau, Víctor.
9 (RLIN) 40067
245 10 - MENCIÓN DEL TÍTULO
Título Estudios referentes a servicios de marina en Filipinas
Resto del título : reorganización del Apostadero de Filipinas /
Mención de responsabilidad, etc. Víctor María Concas y Palau.
260 ## - PUBLICACIÓN, DISTRIBUCIÓN, ETC.
Lugar de publicación, distribución, etc. [Madrid :
Nombre del editor, distribuidor, etc. s.n.,
Fecha de publicación, distribución, etc. 1882]
300 ## - DESCRIPCIÓN FÍSICA
Extensión P. [141]-176, [261]-279, [415]-433 ;
Dimensiones 24 cm.
594 ## - Nota al título y mención de responsabilidad
Nota al título y mención de responsabilidad Datos tomados de principio del texto, sin portada.
595 ## -
-- Separata de: Revista general de la Marina, t. 11.
650 ## - PUNTO DE ACCESO ADICIONAL DE MATERIA--TÉRMINO DE MATERIA
Término de materia o nombre geográfico como elemento de entrada Marina de guerra-
Subdivisión geográfica Filipinas.
9 (RLIN) 150782
852 ## - LOCALIZACIÓN
Ubicación ES-MaACL
Número de control de estantería T-511-F-5-7
Existencias
Estatus retirado Estado de pérdida Estado de daño No para préstamo Colección Biblioteca de origen Biblioteca actual Ubicación en estantería Fecha de adquisición Fuente de adquisición Total de préstamos Signatura topográfica completa Código de barras Visto por última vez Precio de reemplazo Tipo de ítem Koha
        Colección de folletos Biblioteca del Ateneo de Madrid Biblioteca del Ateneo de Madrid Depósito folletos 27/06/2012     T-511-F-5-7 1189885 23/02/2023 23/02/2023 Folleto